Sources of Chinese tradition (Record no. 1070109)

MARC details
000 -LEADER
fixed length control field 01088nam a2200301Ia 4500
003 - CONTROL NUMBER IDENTIFIER
control field OSt
005 - DATE AND TIME OF LATEST TRANSACTION
control field 20221006141400.0
008 - FIXED-LENGTH DATA ELEMENTS--GENERAL INFORMATION
fixed length control field 221006b |||||||| |||| 00| 0 eng d
020 ## - INTERNATIONAL STANDARD BOOK NUMBER
-- 0.00(for each set)
037 ## - SOURCE OF ACQUISITION
Terms of availability Textual
040 ## - CATALOGING SOURCE
Original cataloging agency EASL
Transcribing agency EASL
Language of cataloging eng
041 ## - LANGUAGE CODE
Source of code eng
Language code of text/sound track or separate title eng
100 ## - MAIN ENTRY--PERSONAL NAME
Personal name De BARY Wm. Theodore de etc. Co.
9 (RLIN) 645539
245 #0 - TITLE STATEMENT
Title Sources of Chinese tradition
Remainder of title From earliest times to 1600, 2 Vols.
260 ## - PUBLICATION, DISTRIBUTION, ETC.
Place of publication, distribution, etc. New York
Name of publisher, distributor, etc. Columbia University Press
Date of publication, distribution, etc. 1960
300 ## - PHYSICAL DESCRIPTION
Extent 998+636p.
Dimensions cm.
490 ## - SERIES STATEMENT
Series statement Introduction to oriental civilizations
650 ## - SUBJECT ADDED ENTRY--TOPICAL TERM
Topical term or geographic name entry element China - civilization - sources
9 (RLIN) 645540
650 ## - SUBJECT ADDED ENTRY--TOPICAL TERM
Topical term or geographic name entry element CEL
700 ## - ADDED ENTRY--PERSONAL NAME
Personal name Bloom Irene Co.
9 (RLIN) 645541
700 ## - ADDED ENTRY--PERSONAL NAME
Personal name Lufrano Richard Co.
9 (RLIN) 645542
942 ## - ADDED ENTRY ELEMENTS (KOHA)
Classification part Y:1.41.N5, K0;N9.
Koha item type Textual
Source of classification or shelving scheme Colon Classification (CC)
Holdings
Withdrawn status Lost status Source of classification or shelving scheme Damaged status Not for loan Home library Current library Date acquired Source of acquisition Total Checkouts Full call number Barcode Date last seen Price effective from Koha item type
    Colon Classification (CC)     Department of East Asian Studies Library Department of East Asian Studies Library 2022-10-06 378, 04/01/2012, Independent Publishers Group   Y:1.41.N5 K0;N9. EAS001488 2022-10-06 2022-10-06 Textual
Copyright @ Delhi University Library System